000 00445nam a2200181Ia 4500
001 13601
005 20260306164813.0
008 260306t2009||||xx |||||||||||||| ||spa||
041 _aESP
082 _a005.1
_bC81 2009
100 _aCormen, Thomas H. ... [et. al]
_eAUT
245 0 _aIntroduction to algorithms
260 _c2009
300 _axix, 1292 páginas :
_c24 cm.
650 _aGEN
654 _aCCC
942 _cLIB
_dJUS
_fJUS
_2ddc
_n
999 _c13601
_d13601